00587nam a22001697a 4500008004100000040001800041041000800059100001800067245004600085260008200131300001800213490002200231500008300253650002700336650003000363650002400393130821s1942 xxu gr eng  aCo-BoUCMbspa00aeng aMarguerite, M00aThese are our neighborscBy M. Marguerite aBoston (Massachusetts, Estados Unidos)bGinn and Companyc[fecha desconocida] a256 páginas aFaith and Freedom aIncluye índice. -- Este libro se encuentra en el depósito de la biblioteca04aHistorias de aventuras04aLiteratura estadounidense04aLiteratura infantil